[Event "Sachsen-ch U18"]
[Site "Sebnitz"]
[Date "2011.04.29"]
[Round "4"]
[White "Meier, Tim"]
[Black "Seifert, Tom"]
[Result "1-0"]
[WhiteElo "1941"]
[BlackElo "1585"]
[PlyCount "49"]
[EventDate "2011.04.26"]
[EventType "swiss"]
[EventRounds "5"]
[EventCountry "GER"]
[SourceTitle "EXT 2012"]
[Source "ChessBase"]
[SourceDate "2011.11.24"]
[SourceVersion "1"]
[SourceVersionDate "2011.11.24"]
[SourceQuality "1"]

1. e4 e5 2. Nf3 f5 3. exf5 e4 4. Ne5 Nf6 5. Nc3 Bc5 6. d4 exd3 7. Bxd3 0-0 8. Bc4+ d5 9. Nxd5 Kh8 10. Be3 Bd6 11. Nf3 Bxf5 12. Nxf6 Qxf6 13. Nd4 Be4 14. Qg4 Re8 15. 0-0-0 Nc6 16. Nxc6 Bxc6 17. Bd5 Be5 18. c3 Ba4 19. Qxa4 c6 20. Bf3 b5 21. Qc2 a5 22. Bd4 Bf4+ 23. Kb1 Qe6 24. g3 Bd6 25. Bxc6 1-0

[Event "Leutersdorf Sparkasse op 15th"]
[Site "Leutersdorf"]
[Date "2011.02.20"]
[Round "5"]
[White "Meier, Tim"]
[Black "Guenther, Daniel"]
[Result "1-0"]
[WhiteElo "1960"]
[BlackElo "1688"]
[PlyCount "57"]
[EventDate "2011.02.18"]
[EventType "swiss"]
[EventRounds "7"]
[EventCountry "GER"]
[SourceTitle "CBM 141 Extra"]
[Source "ChessBase"]
[SourceDate "2011.05.03"]
[SourceVersion "1"]
[SourceVersionDate "2011.05.03"]
[SourceQuality "1"]

1. e4 d6 2. d4 g6 3. Nc3 c6 4. Be3 Bg7 5. f4 d5 6. e5 Nh6 7. Nf3 Bg4 8. Be2 Bxf3 9. Bxf3 e6 10. 0-0 Nd7 11. Ne2 Nf5 12. Bf2 h5 13. c3 Nb6 14. Qd3 Bh6 15. g3 Bg7 16. b3 g5 17. fxg5 Qxg5 18. Kh1 Kd7 19. Rg1 Rag8 20. h4 Qg6 21. Nf4 Qh7 22. Rad1 f6 23. exf6 Bxf6 24. Qe2 Qe7 25. Rde1 Bxh4 26. gxh4 Nxh4 27. Rxg8 Rxg8 28. Bxh5 Rh8 29. Qg4 1-0

[Event "Leutersdorf Sparkasse op 15th"]
[Site "Leutersdorf"]
[Date "2011.02.20"]
[Round "6"]
[White "Zimmermann, Rene"]
[Black "Meier, Tim"]
[Result "0-1"]
[WhiteElo "2115"]
[BlackElo "1960"]
[PlyCount "106"]
[EventDate "2011.02.18"]
[EventType "swiss"]
[EventRounds "7"]
[EventCountry "GER"]
[SourceTitle "CBM 141 Extra"]
[Source "ChessBase"]
[SourceDate "2011.05.03"]
[SourceVersion "1"]
[SourceVersionDate "2011.05.03"]
[SourceQuality "1"]

1. d4 Nf6 2. c4 g6 3. f3 Bg7 4. e4 d6 5. Nc3 Nbd7 6. Be3 0-0 7. Nh3 c5 8. d5 a6 9. Qd2 Rb8 10. a4 Qa5 11. Nf2 Ne8 12. Ra3 Nc7 13. Nfd1 Ne5 14. Qc2 f5 15. Bd2 Ne8 16. Be2 f4 17. Nf2 Bd7 18. h4 h6 19. Bd3 g5 20. hxg5 hxg5 21. Rh5 Bf6 22. Ne2 Qc7 23. Bc3 Ng7 24. Rh1 Kf7 25. Kd2 Rh8 26. Raa1 Rxh1 27. Rxh1 b5 28. cxb5 axb5 29. Bxb5 Bxb5 30. axb5 Nc4+ 31. Kd3 Ne3 32. Qa4 c4+ 33. Kd2 Qc5 34. Bxf6 Kxf6 35. Qa1 Qb4+ 36. Kc1 Rxb5 37. Nc3 Ra5 38. Qb1 Kf7 39. Rh6 Qb3 40. e5 Ngf5 41. e6+ Kg7 42. Rh2 Ra1 43. Nfe4 Rxb1+ 44. Kxb1 Qc2+ 45. Ka2 Nd1 46. Nxd1 Qxd1 47. Rh5 Nd4 48. Rxg5+ Kf8 49. Rg4 Nc2 50. Rxf4+ Ke8 51. Nxd6+ exd6 52. Rxc4 Qxd5 53. b3 Ne3 0-1

[Event "Leutersdorf Sparkasse op 15th"]
[Site "Leutersdorf"]
[Date "2011.02.19"]
[Round "3"]
[White "Meier, Tim"]
[Black "Selig, Rainer"]
[Result "1-0"]
[WhiteElo "1960"]
[BlackElo "2064"]
[PlyCount "47"]
[EventDate "2011.02.18"]
[EventType "swiss"]
[EventRounds "7"]
[EventCountry "GER"]
[SourceTitle "CBM 141 Extra"]
[Source "ChessBase"]
[SourceDate "2011.05.03"]
[SourceVersion "1"]
[SourceVersionDate "2011.05.03"]
[SourceQuality "1"]

1. e4 c5 2. Nf3 d6 3. d4 cxd4 4. c3 dxc3 5. Nxc3 e6 6. Bc4 Nc6 7. 0-0 Nf6 8. Qe2 Bd7 9. Rd1 Be7 10. Bf4 e5 11. Bg5 a6 12. Rac1 0-0 13. Bxf6 gxf6 14. Nh4 Nd4 15. Qh5 f5 16. Nxf5 Nxf5 17. exf5 Bg5 18. Ne4 h6 19. Rxd6 Bxc1 20. Rxd7 Qa5 21. Qg6+ Kh8 22. Nf6 Qe1+ 23. Bf1 fxg6 24. Rh7# 1-0

[Event "Leutersdorf Sparkasse op 15th"]
[Site "Leutersdorf"]
[Date "2011.02.18"]
[Round "1"]
[White "Meier, Tim"]
[Black "Nestler, Wolfram"]
[Result "1/2-1/2"]
[WhiteElo "1960"]
[BlackElo "1335"]
[PlyCount "75"]
[EventDate "2011.02.18"]
[EventType "swiss"]
[EventRounds "7"]
[EventCountry "GER"]
[SourceTitle "CBM 141 Extra"]
[Source "ChessBase"]
[SourceDate "2011.05.03"]
[SourceVersion "1"]
[SourceVersionDate "2011.05.03"]
[SourceQuality "1"]

1. e4 e5 2. Nf3 d6 3. d4 exd4 4. Nxd4 Be6 5. Nxe6 fxe6 6. Bc4 Qd7 7. Nc3 Nf6 8. Bg5 Be7 9. 0-0 Nc6 10. a3 0-0 11. f4 Kh8 12. Qd3 Rad8 13. Rad1 a6 14. Qh3 e5 15. Be6 Qe8 16. Bxf6 Bxf6 17. f5 Nd4 18. Rxd4 exd4 19. Nd5 c6 20. Nf4 Rf7 21. Ng6+ Kg8 22. Qb3 Rdd7 23. Nf4 Kf8 24. Bxd7 Qxd7 25. Ne6+ Kg8 26. g4 h6 27. Rf3 Qe7 28. Qb6 Kh7 29. a4 Qd7 30. b4 d5 31. exd5 Qxd5 32. Rd3 Qe4 33. Rg3 Qe1+ 34. Kg2 Qe2+ 35. Kg1 Be5 36. g5 Qe1+ 37. Kg2 Qe2+ 38. Kg1 1/2-1/2

[Event "Sachsen-ch U16"]
[Site "Sebnitz"]
[Date "2009.04.17"]
[Round "5"]
[White "Meier, Tim"]
[Black "Moehn, Hans"]
[Result "1/2-1/2"]
[WhiteElo "1814"]
[BlackElo "1932"]
[PlyCount "135"]
[EventDate "2009.04.14"]
[EventType "swiss"]
[EventRounds "7"]
[EventCountry "GER"]
[SourceTitle "EXT 2010"]
[Source "ChessBase"]
[SourceDate "2010.11.25"]
[SourceVersion "1"]
[SourceVersionDate "2010.11.25"]
[SourceQuality "1"]

1. e4 c5 2. Nf3 a6 3. d4 cxd4 4. c3 dxc3 5. Nxc3 Nc6 6. Bc4 e6 7. Bf4 Nge7 8. Bd6 b5 9. Bb3 Na5 10. 0-0 Nb7 11. Bg3 Ng6 12. Rc1 Be7 13. Nxb5 0-0 14. Nc7 Ra7 15. Qd4 Nc5 16. Rxc5 d6 17. Bxd6 Qxd6 18. Qxd6 Bxd6 19. Rc6 Bxc7 20. Rfc1 Bf4 21. Rxc8 Bxc1 22. Rxc1 h6 23. g3 Rb8 24. Nd4 Ne7 25. Rc4 a5 26. Ra4 Rb4 27. Rxb4 axb4 28. Kf1 Rc7 29. Nc2 Rb7 30. Ba4 Nc8 31. Ke2 Nd6 32. Kd3 f6 33. f4 Kf8 34. Nd4 Re7 35. Bb3 e5 36. Nc6 Re8 37. fxe5 fxe5 38. Bd5 Rc8 39. Nxe5 Rc1 40. Nc6 b3 41. axb3 g5 42. Kd4 Rc2 43. Ke5 Nc8 44. Kf6 Rxb2 45. e5 Rf2+ 46. Kg6 Rxh2 47. Be6 Ne7+ 48. Nxe7 Kxe7 49. Bd5 g4 50. Kf5 h5 51. Kg5 Rh3 52. Kf4 h4 53. Kxg4 Rxg3+ 54. Kxh4 Re3 55. e6 Rd3 56. Bc4 Rd4+ 57. Kg5 Rxc4 58. bxc4 Kxe6 59. Kf4 Kd6 60. Ke3 Kc5 61. Kd3 Kc6 62. Kd4 Kd6 63. c5+ Kc6 64. Kc4 Kc7 65. Kb5 Kb7 66. c6+ Kc7 67. Kc5 Kc8 68. Kd6 1/2-1/2

[Event "Leutersdorf Muench Braeu op 14th"]
[Site "Leutersdorf"]
[Date "2009.02.12"]
[Round "9"]
[White "Meier, Tim"]
[Black "Wolf, Andreas"]
[Result "1/2-1/2"]
[WhiteElo "1919"]
[BlackElo "1570"]
[PlyCount "85"]
[EventDate "2009.02.07"]
[EventType "swiss"]
[EventRounds "9"]
[EventCountry "GER"]
[SourceTitle "CBM 128 Extra"]
[Source "ChessBase"]
[SourceDate "2009.03.05"]
[SourceVersion "2"]
[SourceVersionDate "2009.03.25"]
[SourceQuality "1"]

1. e4 c5 2. d4 cxd4 3. c3 d3 4. c4 d6 5. Nc3 Nf6 6. Bxd3 Nbd7 7. Nge2 g6 8. 0-0 Bg7 9. Rb1 0-0 10. h3 Ne5 11. Be3 b6 12. f4 Nxd3 13. Qxd3 Bb7 14. g4 Qc8 15. Ng3 Ba6 16. b3 Nd7 17. Nd5 Re8 18. Bd4 Nc5 19. Qd2 Bxd4+ 20. Qxd4 Ne6 21. Qf2 Bb7 22. f5 Ng5 23. Kh2 Bxd5 24. exd5 f6 25. Rbe1 Nf7 26. Ne2 Ne5 27. Nd4 Kf7 28. Ne6 g5 29. Qc2 Rh8 30. Kg3 h5 31. Rh1 h4+ 32. Kf2 Qb7 33. a4 Rac8 34. Re4 b5 35. axb5 Qxb5 36. Ra1 Qb6+ 37. Kg2 Rb8 38. Rb1 a5 39. Nd4 Rhc8 40. Ne6 Qa7 41. Rbe1 Rb4 42. Nd4 Qb7 43. Qe2 1/2-1/2

[Event "Sachsen-ch U14"]
[Site "Sebnitz"]
[Date "2007.04.13"]
[Round "5"]
[White "Poenisch, Johannes"]
[Black "Meier, Tim"]
[Result "0-1"]
[WhiteElo "1548"]
[BlackElo "1627"]
[PlyCount "114"]
[EventDate "2007.04.10"]
[EventType "swiss"]
[EventRounds "7"]
[EventCountry "GER"]
[SourceTitle "EXT 2008"]
[Source "ChessBase"]
[SourceDate "2007.11.25"]
[SourceVersion "1"]
[SourceVersionDate "2007.11.25"]
[SourceQuality "1"]

1. e4 e5 2. Nf3 Nc6 3. d4 exd4 4. Nxd4 Qh4 5. Nc3 Bb4 6. Ndb5 Qxe4+ 7. Be2 Bxc3+ 8. Nxc3 Qd4 9. Bd3 Nge7 10. Nb5 Qe5+ 11. Qe2 Qxe2+ 12. Bxe2 Kd8 13. Bf4 d6 14. 0-0-0 Be6 15. Bf3 a6 16. Nc3 Ng6 17. Bg3 Re8 18. Rhe1 Bf5 19. Rxe8+ Kxe8 20. Nd5 Kd7 21. Nc3 Be6 22. Bxc6+ Kxc6 23. f3 Re8 24. Re1 Kd7 25. Nd1 Bc4 26. b3 Rxe1 27. Bxe1 Be6 28. Nc3 Nf4 29. g3 Nd5 30. Ne4 Bf5 31. c4 Bxe4 32. fxe4 Nf6 33. Bc3 Ke6 34. Kc2 g6 35. Kd3 Ng4 36. h4 Nf2+ 37. Ke2 Nxe4 38. Be1 Ke5 39. Ke3 c6 40. g4 f5 41. gxf5 Kxf5 42. Kd4 Kf4 43. b4 h6 44. a4 g5 45. hxg5 hxg5 46. b5 g4 47. bxc6 bxc6 48. a5 g3 49. Bxg3+ Nxg3 50. Kd3 Nf5 51. Kd2 Ke4 52. Kc3 c5 53. Kc2 Nd4+ 54. Kc3 Nc6 55. Kc2 Kd4 56. Kb3 Nxa5+ 57. Kc2 Kxc4 0-1

[Event "Sachsen-ch U14"]
[Site "Sebnitz"]
[Date "2007.04.11"]
[Round "2"]
[White "Grosse, Christian"]
[Black "Meier, Tim"]
[Result "0-1"]
[WhiteElo "1739"]
[BlackElo "1627"]
[PlyCount "80"]
[EventDate "2007.04.10"]
[EventType "swiss"]
[EventRounds "7"]
[EventCountry "GER"]
[SourceTitle "EXT 2008"]
[Source "ChessBase"]
[SourceDate "2007.11.25"]
[SourceVersion "1"]
[SourceVersionDate "2007.11.25"]
[SourceQuality "1"]

1. c4 g6 2. Nc3 Bg7 3. d4 d6 4. Nf3 Nf6 5. e3 c6 6. Bd3 Nbd7 7. 0-0 0-0 8. b4 Qc7 9. Rb1 e5 10. Ba3 Re8 11. Qc2 Ng4 12. h3 Nh6 13. d5 f5 14. Be2 Nf7 15. Rfd1 Nf6 16. dxc6 bxc6 17. c5 d5 18. b5 Bb7 19. bxc6 Bxc6 20. Nb5 Qd7 21. Nd2 Bh6 22. Nf3 Ne4 23. Nc3 Rad8 24. Ne1 g5 25. Nd3 d4 26. Nxe4 fxe4 27. Nb2 d3 28. Qc3 Qe6 29. Bg4 Qxa2 30. Nc4 Qc2 31. Qb4 Rb8 32. Nb6 axb6 33. cxb6 Bf8 34. Qb3 Qxb3 35. Rxb3 Ba4 36. Rc3 Bxa3 37. Rxa3 Bxd1 38. Bxd1 Rxb6 39. Ra1 Reb8 40. Kf1 Rb1 0-1

[Event "Sachsen-ch U12"]
[Site "Sebnitz"]
[Date "2005.04.01"]
[Round "6"]
[White "Meier, Tim"]
[Black "Poenisch, Johannes"]
[Result "1-0"]
[WhiteElo "1357"]
[BlackElo "1257"]
[PlyCount "85"]
[EventDate "2005.03.29"]
[EventType "swiss"]
[EventRounds "7"]
[EventCountry "GER"]
[SourceTitle "EXT 2007"]
[Source "ChessBase"]
[SourceDate "2006.11.23"]
[SourceVersion "1"]
[SourceVersionDate "2006.11.23"]
[SourceQuality "1"]

1. e4 c5 2. d4 cxd4 3. c3 d5 4. Qxd4 Nc6 5. Qxd5 Qxd5 6. exd5 Ne5 7. Bf4 Ng6 8. Bg3 Bd7 9. Nf3 Nf6 10. c4 Ne4 11. Bd3 Nxg3 12. hxg3 e6 13. Bxg6 fxg6 14. Ne5 Bb4+ 15. Nc3 Ke7 16. Nxd7 Kxd7 17. 0-0 Rac8 18. dxe6+ Kxe6 19. Rfe1+ Kf7 20. Re4 Bxc3 21. bxc3 Rc7 22. Rd1 Rhc8 23. Rdd4 a6 24. a4 Re8 25. f4 Rxe4 26. Rxe4 Re7 27. Rd4 Rc7 28. Kf2 Ke6 29. Kf3 Kf5 30. g4+ Ke6 31. Ke4 h6 32. g3 b6 33. f5+ gxf5+ 34. gxf5+ Ke7 35. Kd3 Rc6 36. Re4+ Kf6 37. g4 Kg5 38. Rd4 h5 39. gxh5 Kxf5 40. Rd5+ Kf6 41. Kd4 Ke6 42. Rg5 Kf6 43. Rg6+ 1-0